20 Most Expensive Countries (2014) Quiz Stats

Quiz Updated Apr 1, 2014

Challenge
Share
Tweet
Embed
Score 0/20 Timer 04:00
6 Plays Today
Rank Country % Correct
13.France
92%
14.United Kingdom
91.5%
10.Sweden
88.5%
19.Japan
86.9%
1.Norway
86.2%
18.Italy
83.6%
12.Finland
83.1%
3.Denmark
80.9%
2.Switzerland
80.6%
7.Australia
77.4%
Rank Country % Correct
17.Netherlands
73.6%
15.Belgium
71.7%
8.Ireland
68.7%
9.New Zealand
66.9%
5.Iceland
65.8%
6.Luxembourg
64.9%
16.Singapore
50.9%
20.Israel
34.9%
11.Bahamas
16.9%
4.Venezuela
7.6%

You're not logged in!

Compare scores with friends on all Sporcle quizzes.
Sign Up with Email
OR
Log In

You Might Also Like...

Show Comments

Extras

Top Quizzes Today


Score Distribution

Your Account Isn't Verified!

In order to create a playlist on Sporcle, you need to verify the email address you used during registration. Go to your Sporcle Settings to finish the process.